000 00290nam a22001337a 4500
008 170316b xxu||||| |||| 00| 0 eng d
020 _a9780071749466
041 _aeng
080 _a616.8
100 _a7
101 _aSHM
245 _aNEURO-OPHTHALMOLOGY
_cARTEAGA, A.P
942 _2udc
_cBK
999 _c8015
_d8015